000 00383nam a2200181Ia 4500
100 _aDix/Alan/ Finlay/Janet
650 _aComputers
250 _a3
942 _cBK
366 _f25
654 _ahuman interaction
245 _aHuman computer interaction
260 _bPearson
_c2004
082 _a4.6
_bDIX
300 _a834
546 _aENGLISH
_cPAMPHALETS
999 _c29076
_d29076